1136 1201 1409 1836 1279 1945 1165 1375 1843 1697 1106 1040 1494 1535 1076 1547 1209 1568 1034 1624 1715 1523 1156 1495 1261 1096 1007 1568 1038 1648 1107 1328 1944 1936 1299 1291 1127 1895 1713 1282 1581 1341 1516 1089 1011 1670 1932 1435 1894 1853 1931 1208 1959 1342 1492 1645 1003 1661 1894 1074 1487 1023 1742 1294 1829 1829 1290 1818 1139 1920 1784 1704 1549 1306 1113 1348 1124 1018 1830 1501 1459 1418 1367 1999 1396 1137 1482 1968 1204 1475 1654 1918 1194 1643 1249 1683 1474 1459 1337 BCNSPRNW ULIB Ver.6.0+V

เปลี่ยนเป็นภาษาไทย

Change to English
 แสดงรายละเอียดบรรณานุกรม
  กลับหน้าหลัก

Brief Record : Get Marc (ISO 2709) : E-mail record : QR code < ปิดหน้าต่าง
LEADER : 00000nam a2200000Ia 4500
001    13399126968
003     ULIB
008    190319s2561 th a 000 0 tha d
020    ^a9789743159855
040    ^aben
050  4 ^aH62^bว247ก
100 0  ^aวรรณดี สุทธินรากร
245 10 ^aการวิเคราะห์ข้อมูลในงานวิจัยเชิงคุณภาพ =^bData analysis inqualitative research /^cวรรณดี สุทธินรากร
246 31 ^aData analysis in qualitative research
250    ^aพิมพ์ครั้งที่ 1
260    ^aกรุงเทพฯ :^bสยามปริทัศน์,^c2561
300    ^a158 หน้า :^bภาพประกอบ ;^c21ซม.
505 0  ^aความหมาย พื้นฐานความเชื่อและลักษณะเฉพาะของการวิจัยเชิงคุณภาพ --ประเภทของการวิจัยเชิงคุณภาพกับการวิเคราะห์ข้อมูล --การวิเคราะห์เนื้อหาในงานวิจัยเชิงคุณภาพ -- การใช้แผนผังความคิดรวบยอด(Concept mapping) -- การเขียนรายงานการวิจัย -- การวิจัยผสานวิธี
650  4 ^aวิจัยเชิงคุณภาพ
945    ^p140^l0^i27752
945    ^p140^l0^i27754
945    ^p140^l0^i27755
945    ^p140^l0^i27753
945    ^p140^l0^i27756
995    ^aกัณชพร จุลอักษร
999    ^aกัณชพร
รายการนี้ยังไม่มีแท็ก
คุณยังไม่ได้ล็อกอิน คุณสามารถมีกิจกรรมร่วมกับเว็บไซต์ได้ แต่ต้องล็อกอินก่อน ::
  ล็อกอิน

รายการสื่อสารสนเทศ

ลำดับที่ ประเภท เลขเรียก/บาร์โค้ด สถานที่ สถานะ
1. วิทยาศาสตร์การแพทย์ และสุขภาพ
วิทยาศาสตร์การแพทย์ และสุขภาพ
H62 ว247ก ฉ.1 
  Barcode: 27752
ห้องสมุดวิทยาเขตนครสวรรค์
►หนังสือทั่วไป:l:General Books
บนชั้น
2. วิทยาศาสตร์การแพทย์ และสุขภาพ
วิทยาศาสตร์การแพทย์ และสุขภาพ
H62 ว247ก ฉ.2 
  Barcode: 27753
ห้องสมุดวิทยาเขตนครสวรรค์
►หนังสือทั่วไป:l:General Books
บนชั้น
3. วิทยาศาสตร์การแพทย์ และสุขภาพ
วิทยาศาสตร์การแพทย์ และสุขภาพ
H62 ว247ก ฉ.3 
  Barcode: 27754
ห้องสมุดวิทยาเขตนครสวรรค์
►หนังสือทั่วไป:l:General Books
บนชั้น
4. วิทยาศาสตร์การแพทย์ และสุขภาพ
วิทยาศาสตร์การแพทย์ และสุขภาพ
H62 ว247ก ฉ.4 
  Barcode: 27755
ห้องสมุดวิทยาเขตนครสวรรค์
►หนังสือทั่วไป:l:General Books
บนชั้น
5. วิทยาศาสตร์การแพทย์ และสุขภาพ
วิทยาศาสตร์การแพทย์ และสุขภาพ
H62 ว247ก ฉ.5 
  Barcode: 27756
ห้องสมุดวิทยาเขตนครสวรรค์
►หนังสือทั่วไป:l:General Books
บนชั้น

รายการใกล้เคียง
    ผู้แต่ง [วรรณดี สุทธินรากร]

    หัวเรื่อง [วิจัยเชิงคุณภาพ]

BibComment


ยังไม่เคยถูกคอมเมนท์

คอมเมนท์ทรัพยากรรายการนี้
  คอมเมนท์: การวิเคราะห์ข้อม..


 Copyright 2026. Bcnsprnw @Library